000 00575cam a22002171 4500
001 sa 68000016
003 DLC
005 20260227112419.0
008 881028s1966 xx 000 0 benr
010 _asa 68000016
035 _a(OCoLC)23576785
040 _aDLC
_cMiU
_dDLC
042 _apremarc
050 0 0 _aPK1714
_b.H33
100 1 _aHāmida, Deoẏāna Ābadula.
_ecomp.
245 1 0 _aBāṅalā hāmda o nāṭa sañcaẏana.
260 _a[n.p.]
_c[1966]
300 _a188 p.
_c22 cm.
500 _aRomanized.
600 0 0 _aMuḥammad,
_cProphet,
_d-632
_vPoetry.
999 _c76877
_d76877